Cousins in the time of magic / (Record no. 407089)
[ view plain ]
| 000 -LEADER | |
|---|---|
| fixed length control field | 01831pam a2200457 i 4500 |
| 001 - CONTROL NUMBER | |
| control field | zcodcb b8713327 |
| 003 - CONTROL NUMBER IDENTIFIER | |
| control field | DLC |
| 005 - DATE AND TIME OF LATEST TRANSACTION | |
| control field | 20250416160046.0 |
| 007 - PHYSICAL DESCRIPTION FIXED FIELD--GENERAL INFORMATION | |
| fixed length control field | t| |
| 008 - FIXED-LENGTH DATA ELEMENTS--GENERAL INFORMATION | |
| fixed length control field | 241126s2025 nyua c b 000 1 eng |
| 010 ## - LIBRARY OF CONGRESS CONTROL NUMBER | |
| LC control number | 2024004972 |
| 020 ## - INTERNATIONAL STANDARD BOOK NUMBER | |
| International Standard Book Number | 9781665915182 |
| Qualifying information | hardcover |
| 020 ## - INTERNATIONAL STANDARD BOOK NUMBER | |
| International Standard Book Number | 1665915188 |
| 040 ## - CATALOGING SOURCE | |
| Original cataloging agency | DLC |
| Language of cataloging | eng |
| Description conventions | rda |
| Transcribing agency | DLC |
| Modifying agency | DLC |
| -- | IMmBT |
| 042 ## - AUTHENTICATION CODE | |
| Authentication code | pcc |
| -- | cyac |
| 043 ## - GEOGRAPHIC AREA CODE | |
| Geographic area code | n-us--- |
| -- | n-mx--- |
| 092 ## - LOCALLY ASSIGNED DEWEY CALL NUMBER (OCLC) | |
| Classification number | junior fiction |
| Item number | Otheguy |
| 100 1# - MAIN ENTRY--PERSONAL NAME | |
| Personal name | Otheguy, Emma, |
| Relator term | author. |
| Relator code | aut. |
| 9 (RLIN) | 6370018 |
| 245 10 - TITLE STATEMENT | |
| Title | Cousins in the time of magic / |
| Statement of responsibility, etc | Emma Otheguy ; illustrated by Poly Bernatene. |
| 250 ## - EDITION STATEMENT | |
| Edition statement | First edition. |
| 264 #1 - Production, Publication, Distribution, Manufacture, and Copyright Notice. | |
| Place of production, publication, distribution, manufacture | New York : |
| Name of producer, publisher, distributor, manufacturer | Atheneum Books for Young Readers, |
| Date of production, publication, distribution, manufacture, or copyr | [2025] |
| 300 ## - PHYSICAL DESCRIPTION | |
| Extent | 228 pages : |
| Other physical details | illustrations ; |
| Dimensions | 22 cm. |
| 336 ## - Content Type | |
| Content type term | text |
| 336 ## - Content Type | |
| Content type term | still image |
| 337 ## - Media type | |
| Media type term | unmediated |
| 338 ## - Carrier type | |
| Carrier type term | volume |
| 504 ## - BIBLIOGRAPHY, ETC. NOTE | |
| Bibliography, etc | Includes bibliographical references (pages 221-228). |
| 520 ## - SUMMARY, ETC. | |
| Summary, etc | Three cousins venture through time to 1862 where they must deliver their aunt's mysterious sword to General Ignacio Zaragoza in time for the Battle of Puebla in Mexico. |
| 521 ## - TARGET AUDIENCE NOTE | |
| Target audience note | Ages 8 to 12. |
| Source | Atheneum Books for Young Readers. |
| 650 #1 - SUBJECT ADDED ENTRY--TOPICAL TERM | |
| Topical term or geographic name as entry element | Cousins |
| Form subdivision | Fiction. |
| 650 #1 - SUBJECT ADDED ENTRY--TOPICAL TERM | |
| Topical term or geographic name as entry element | Time travel |
| Form subdivision | Fiction. |
| 9 (RLIN) | 5674119 |
| 650 #1 - SUBJECT ADDED ENTRY--TOPICAL TERM | |
| Topical term or geographic name as entry element | Hispanic Americans |
| Form subdivision | Fiction. |
| 9 (RLIN) | 5692790 |
| 650 #1 - SUBJECT ADDED ENTRY--TOPICAL TERM | |
| Topical term or geographic name as entry element | Puebla, Battle of, Puebla de Zaragoza, Mexico, 1862 |
| Form subdivision | Fiction. |
| 9 (RLIN) | 6543363 |
| 651 #1 - SUBJECT ADDED ENTRY--GEOGRAPHIC NAME | |
| Geographic name | United States |
| General subdivision | History |
| Chronological subdivision | Civil War, 1861-1865 |
| Form subdivision | Fiction. |
| 9 (RLIN) | 5675381 |
| 651 #1 - SUBJECT ADDED ENTRY--GEOGRAPHIC NAME | |
| Geographic name | Mexico |
| General subdivision | History |
| Chronological subdivision | European intervention, 1861-1867 |
| Form subdivision | Fiction. |
| 9 (RLIN) | 6523445 |
| 655 #7 - INDEX TERM--GENRE/FORM | |
| Genre/form data or focus term | Portal fantasy fiction. |
| Source of term | lcgft. |
| 9 (RLIN) | 6492727 |
| 655 #7 - INDEX TERM--GENRE/FORM | |
| Genre/form data or focus term | Historical fiction. |
| Source of term | lcgft. |
| 655 #7 - INDEX TERM--GENRE/FORM | |
| Genre/form data or focus term | Novels. |
| Source of term | lcgft. |
| 700 1# - ADDED ENTRY--PERSONAL NAME | |
| Personal name | Bernatene, Poly, |
| Relator term | illustrator. |
| 9 (RLIN) | 5704208 |
| 942 ## - ADDED ENTRY ELEMENTS (KOHA) | |
| Source of classification or shelving scheme | Dewey Decimal Classification |
| Koha item type | BOOK |
| Withdrawn status | Lost status | Source of classification or shelving scheme | Damaged status | Not for loan | Collection code | Home library | Current library | Shelving location | Date acquired | Source of acquisition | Total Checkouts | Total Renewals | Full call number | Barcode | Date last seen | Date checked out | Cost, replacement price | Price effective from | Koha item type |
|---|---|---|---|---|---|---|---|---|---|---|---|---|---|---|---|---|---|---|---|
| Dewey Decimal Classification | Junior Fiction | Wasatch County Library | Wasatch County Library | Main Floor Junior Area | 04/16/2025 | Micromarketing | 1 | 2 | J Otheguy | 34301002152421 | 07/23/2025 | 06/13/2025 | 17.99 | 04/16/2025 | BOOK |
